division par 15 - Statistiques

Statistiques générales
  • Ce quiz a été pris 28 fois
  • Le résultat moyen est 29 sur 54
Statistiques - réponses
.... / 15 = % Correct
240 16
86%
375 25
86%
420 28
86%
450 30
86%
210 14
79%
510 34
79%
255 17
71%
270 18
71%
405 27
71%
285 19
64%
360 24
64%
480 32
64%
570 38
64%
1215 81
64%
1260 84
64%
165 11
57%
390 26
57%
435 29
57%
465 31
57%
540 36
57%
555 37
57%
630 42
57%
705 47
57%
1170 78
57%
1245 83
57%
345 23
50%
495 33
50%
645 43
50%
780 52
50%
810 54
50%
840 56
50%
1080 72
50%
1095 73
50%
1155 77
50%
1185 79
50%
675 45
43%
735 49
43%
855 57
43%
870 58
43%
1035 69
43%
1065 71
43%
1125 75
43%
1200 80
43%
1230 82
43%
1275 85
43%
525 35
36%
585 39
36%
795 53
36%
825 55
36%
885 59
36%
975 65
36%
1020 68
36%
1140 76
36%
720 48
29%
Aucun quiz correspondant
Distribution des résultats
% des personnes avec chaque résultat
Percentile par nombre de réponses
Votre historique - résultats
Vous n’avez pas pris ce quiz